000 00499cam a22001577a 4500
008 180718b1983 xxu||||| |||| 00| 0 eng d
082 _aB136x54 In2ac
245 _aAction research for development
_cedited by Kuldeep Mathur and Harsh Sethi
260 _aNew Delhi
_bIndian Institute of Public Administration
_c1983
300 _a137p.
650 _aPoverty - India.
650 _aSociology - Research
650 _aRural development - India
700 _aSethi, Harsh
700 _aMathur, Kuldeep
999 _c475638
_d475638